[Event "Open Est 2015-2016"]
[Site "Aubagne"]
[Date "2015.09.26"]
[Round "1.1"]
[White "Bui, Christopher"]
[Black "Panagiotopoulos, Christos"]
[Result "0-1"]
[WhiteElo "1290"]
[BlackElo "1751"]
[PlyCount "100"]
[EventDate "2015.10.10"]
[WhiteTeam "Cercle d'Echecs Aubagnais"]
[BlackTeam "Le Gambit Marseillais"]

1. e4 g6 2. Nf3 Bg7 3. Bc4 d6 4. O-O Nf6 5. Qe2 O-O 6. c3 Nc6 7. Re1 Bg4 8. h3
Bxf3 9. Qxf3 Ne5 10. Qe2 c5 11. d4 Nxc4 12. Qxc4 Nxe4 13. Nd2 Nxd2 14. Bxd2
cxd4 15. cxd4 d5 16. Qb4 e6 17. Bc3 Qd7 18. a4 Rac8 19. Rac1 Rc4 20. Qb5 Qxb5
21. axb5 Rfc8 22. Re3 Bxd4 23. Rd3 Bg7 24. Rc2 d4 25. Bxd4 Rxc2 26. Bxa7 Be5
27. g3 Rxb2 28. Re3 Rxb5 29. Re4 b6 30. Bxb6 Bxg3 31. fxg3 Rxb6 32. Re1 Rc2 33.
h4 Rbc6 34. g4 Rc1 35. Rxc1 Rxc1+ 36. Kf2 Rc3 37. h5 f5 38. hxg6 hxg6 39. gxf5
gxf5 40. Ke2 f4 41. Kf2 Kf7 42. Ke2 Kf6 43. Kf2 Kf5 44. Ke2 e5 45. Kf2 e4 46.
Ke2 Rc2+ 47. Kd1 Ra2 48. Ke1 f3 49. Kf1 e3 50. Ke1 Ra1# 0-1

[Event "Open Est 2015-2016"]
[Site "Aubagne"]
[Date "2015.09.26"]
[Round "1.2"]
[White "Deregnaucourt, Yves"]
[Black "Pegon, Claude"]
[Result "1-0"]
[WhiteElo "1728"]
[BlackElo "1290"]
[PlyCount "51"]
[EventDate "2015.10.10"]
[WhiteTeam "ASPTT Marseille"]
[BlackTeam "La Ciotat Echecs (LCE)"]

1. e4 c5 2. d4 cxd4 3. c3 dxc3 4. Nxc3 g6 5. Nf3 Bg7 6. Bc4 Nf6 7. O-O O-O 8.
Qe2 d6 9. Rd1 a6 10. Bg5 Bd7 11. e5 Ng4 12. exd6 Re8 13. dxe7 Qc7 14. h3 Ne5
15. Bb3 Nbc6 16. Nd5 Qa5 17. Nxe5 Bxe5 18. Bf6 Bd6 19. Bc3 Bb4 20. Nf6+ Kh8 21.
Rxd7 Bxc3 22. bxc3 Ne5 23. Rxb7 Qc5 24. Nxe8 Rxe8 25. Rd1 Kg7 26. Qxe5+ 1-0

[Event "Open Est 2015-2016"]
[Site "Aubagne"]
[Date "2015.09.26"]
[Round "1.3"]
[White "Favarel-Lubeigt, Helina"]
[Black "Gomez, Guy"]
[Result "0-1"]
[WhiteElo "1280"]
[BlackElo "1671"]
[PlyCount "96"]
[EventDate "2015.10.10"]
[WhiteTeam "L'Echiquier du Roy René"]
[BlackTeam "Cercle d'Echecs Aubagnais"]

1. d4 d5 2. c4 c6 3. Nf3 Nf6 4. Nc3 e6 5. Bg5 Be7 6. e3 O-O 7. Bd3 dxc4 8. Bxc4
b5 9. Bd3 Bb7 10. Qc2 Nbd7 11. e4 h6 12. Bh4 Re8 13. Rc1 Qa5 14. O-O c5 15.
Bxf6 Nxf6 16. Rfe1 c4 17. Bf1 Rac8 18. Rcd1 b4 19. Nb1 c3 20. bxc3 bxc3 21. Re3
Nxe4 22. Rde1 Nf6 23. Rxc3 Rxc3 24. Qxc3 Bb4 25. Qb2 Bxf3 26. Re5 Bd5 27. Bc4
Rb8 28. Qe2 Bd6 29. Qc2 Bxe5 30. dxe5 Qe1+ 31. Bf1 Qxb1 32. Qxb1 Rxb1 33. exf6
Bc4 34. g3 Bxf1 35. h4 Bc4+ 36. Kh2 Bxa2 37. fxg7 Kxg7 38. Kh3 Bd5 39. Kg4 Rb5
40. Kf4 a5 41. Ke3 a4 42. Kd2 a3 43. Kd3 a2 44. Kd4 a1=Q+ 45. Kd3 Rb3+ 46. Kd2
Qc3+ 47. Ke2 Bf3+ 48. Kf1 Rb1# 0-1

[Event "Open Est 2015-2016"]
[Site "Aubagne"]
[Date "2015.09.26"]
[Round "1.4"]
[White "Telouk, Olivier"]
[Black "Cureau, Dominique"]
[Result "1-0"]
[WhiteElo "1645"]
[BlackElo "1278"]
[PlyCount "81"]
[EventDate "2015.10.10"]
[WhiteTeam "Cassis Echecs"]
[BlackTeam "Echiquier Marseillais 1872"]

1. c4 e5 2. Nc3 Nc6 3. Nf3 Nf6 4. g3 g6 5. Bg2 Bg7 6. O-O O-O 7. d3 d6 8. a3 a6
9. Rb1 Rb8 10. b4 b5 11. cxb5 axb5 12. Bb2 Na7 13. Qd2 Re8 14. Rfc1 d5 15. e3
d4 16. exd4 exd4 17. Ne2 Bb7 18. Nexd4 Nd5 19. Nb3 f6 20. Nc5 Bc8 21. Nd4 c6
22. Re1 Kf7 23. Rxe8 Qxe8 24. Re1 Ne7 25. Bc3 Qd8 26. Qe2 Bf8 27. Nde6 Qd6 28.
Qf3 Nd5 29. Be5 Qe7 30. Bxb8 Bxe6 31. Rxe6 Qd8 32. Rxc6 Nxc6 33. Qxd5+ Qxd5 34.
Bxd5+ Ke7 35. Bxc6 Kd8 36. Ne6+ Ke7 37. Nxf8 Kxf8 38. Bxb5 Ke7 39. Bc6 h5 40.
Bc7 Ke6 41. b5 1-0

[Event "Open Est 2015-2016"]
[Site "Aubagne"]
[Date "2015.09.26"]
[Round "1.5"]
[White "Turpin, Isabelle"]
[Black "Benezra, Esther"]
[Result "0-1"]
[WhiteElo "1263"]
[BlackElo "1619"]
[PlyCount "56"]
[EventDate "2015.10.10"]
[WhiteTeam "Cercle d'Echecs Aubagnais"]
[BlackTeam "L'Echiquier du Roy René"]

1. c4 e6 2. Nc3 f5 3. g3 Nf6 4. Bg2 d5 5. cxd5 exd5 6. e3 c6 7. a3 Bd6 8. f4
O-O 9. Nf3 Re8 10. Ne2 Nbd7 11. Qc2 Nb6 12. b3 Qe7 13. h3 Bd7 14. g4 fxg4 15.
hxg4 Bxg4 16. Ng5 h6 17. Bb2 hxg5 18. fxg5 Nh5 19. Bh3 Bxe2 20. Bf1 Bf3 21. Rh3
Bg3+ 22. Rxg3 Nxg3 23. Bh3 Qxg5 24. Kf2 Be4 25. Qc3 Rf8+ 26. Ke1 Nh5 27. Be6+
Kh8 28. d3 Qg1+ 0-1

[Event "Open Est 2015-2016"]
[Site "Aubagne"]
[Date "2015.09.26"]
[Round "1.6"]
[White "Richert, Sebastien"]
[Black "Sage, Jean-Claude"]
[Result "0-1"]
[WhiteElo "1442"]
[BlackElo "1582"]
[PlyCount "80"]
[EventDate "2015.10.10"]
[WhiteTeam "Cercle d'Echecs Aubagnais"]
[BlackTeam "Echiquier Marseillais 1872"]

1. e4 e5 2. Nf3 Nc6 3. Bb5 Bc5 4. O-O Nd4 5. Nxd4 Bxd4 6. c3 Bb6 7. d4 c6 8.
Bc4 d6 9. Qf3 Nf6 10. Bg5 exd4 11. Bxf6 Qxf6 12. Qxf6 gxf6 13. cxd4 Bxd4 14.
Nc3 Rg8 15. h3 Bxh3 16. Kh2 Be6 17. Be2 O-O-O 18. f3 Rg6 19. Rad1 Rh6+ 20. Kg3
Rg8+ 21. Kf4 Be5+ 22. Ke3 Rxg2 23. f4 Bxc3 24. bxc3 Kc7 25. Rd2 Rg3+ 26. Bf3
Bg4 27. Rg2 Rhh3 28. Rxg3 Rxg3 29. Ke2 Rxf3 30. Rxf3 Bxf3+ 31. Kxf3 a5 32. Kg4
c5 33. Kf5 h5 34. Kxf6 h4 35. e5 h3 36. exd6+ Kxd6 37. Kxf7 h2 38. f5 h1=Q 39.
f6 Qd5+ 40. Kg7 Qxa2 0-1

[Event "Open Est 2015-2016"]
[Site "Aubagne"]
[Date "2015.09.26"]
[Round "1.7"]
[White "Ghazarian, David"]
[Black "Roth, Fabio"]
[Result "1-0"]
[WhiteElo "1535"]
[BlackElo "1260"]
[PlyCount "53"]
[EventDate "2015.10.10"]
[WhiteTeam "Marseille Echecs"]
[BlackTeam "Club Provence Echecs"]

1. e4 b6 2. d4 Bb7 3. Nc3 g6 4. Nf3 Bg7 5. Be3 d6 6. Qd2 Nd7 7. d5 a6 8. Bd4 e5
9. dxe6 Ne5 10. exf7+ Kxf7 11. Qf4+ Qf6 12. Qxf6+ Bxf6 13. Bxe5 dxe5 14. O-O-O
Ne7 15. Rd7 Rac8 16. Bc4+ Ke8 17. Rhd1 Nc6 18. Bf7+ Kf8 19. Be6 Nd8 20. Bg4 Ke8
21. Nd5 Bxd5 22. R1xd5 Be7 23. Rxe7+ Kxe7 24. Bxc8 Nc6 25. Bxa6 Nb4 26. Rxe5+
Kf6 27. Bc4 1-0

[Event "Open Est 2015-2016"]
[Site "Aubagne"]
[Date "2015.09.26"]
[Round "1.8"]
[White "Gutman, Leni"]
[Black "Cavanihac, Claude"]
[Result "0-1"]
[WhiteElo "1250"]
[BlackElo "1532"]
[PlyCount "72"]
[EventDate "2015.10.10"]
[WhiteTeam "Marseille Echecs"]
[BlackTeam "Cercle d'Echecs Aubagnais"]

1. d4 Nf6 2. c4 e6 3. Nc3 d5 4. e3 c6 5. Nf3 Be7 6. Bd3 dxc4 7. Bxc4 a6 8. O-O
b5 9. Be2 Bb7 10. Nb1 O-O 11. Nbd2 Qc7 12. b3 Rd8 13. Bb2 Nbd7 14. Qc2 Rac8 15.
Rac1 Qb8 16. Qb1 c5 17. Ba3 Qa7 18. Bd3 g6 19. Rc2 b4 20. Bb2 Qa8 21. Rcc1 cxd4
22. Bxd4 e5 23. Nxe5 Nxe5 24. Bxe5 Bxg2 25. Rfe1 Bh3 26. f3 Rxc1 27. Rxc1 Qd5
28. Bxf6 Bxf6 29. e4 Qg5+ 30. Kf2 Bd4+ 31. Ke1 Bc3 32. Rxc3 bxc3 33. Nc4 Qg1+
34. Ke2 Qxh2+ 35. Ke3 Be6 36. Ne5 Qd2# 0-1

[Event "Open Est 2015-2016"]
[Site "Aubagne"]
[Date "2015.09.26"]
[Round "1.9"]
[White "Vicari-Vento, Salvatore"]
[Black "Periale, Albert"]
[Result "1-0"]
[WhiteElo "1515"]
[BlackElo "1249"]
[PlyCount "117"]
[EventDate "2015.10.10"]
[WhiteTeam "Cercle d'Echecs Aubagnais"]
[BlackTeam "Cercle d'Echecs Aubagnais"]

1. e4 e5 2. Nf3 Nc6 3. Bb5 a6 4. Ba4 Nf6 5. O-O b5 6. Bb3 Be7 7. Re1 O-O 8. c3
Bb7 9. Bc2 h6 10. d4 exd4 11. cxd4 Bb4 12. Nc3 d6 13. Qd3 Re8 14. a3 Ba5 15. b4
Bb6 16. Bb2 Nb8 17. d5 c6 18. dxc6 Nxc6 19. Nd5 Ne5 20. Nxe5 dxe5 21. Nxb6 Qxb6
22. Qg3 Qe6 23. Bc1 Qg4 24. Qxg4 Nxg4 25. f3 Nf6 26. Bb3 Rac8 27. Rb1 Re7 28.
Be3 Ne8 29. Rbc1 Rec7 30. Rxc7 Rxc7 31. Rc1 Rxc1+ 32. Bxc1 Kf8 33. Kf2 f6 34.
Be3 Nd6 35. Bc5 Ke7 36. Ke3 Bc8 37. f4 Be6 38. Bxd6+ Kxd6 39. Bxe6 Kxe6 40. f5+
Kd6 41. Kd3 Kc6 42. Kc3 Kb6 43. Kb3 a5 44. g4 a4+ 45. Kc3 Kc6 46. Kd3 Kd6 47.
Ke3 Ke7 48. Kf3 Kf7 49. Kg3 g6 50. fxg6+ Kxg6 51. Kh4 Kh7 52. Kh5 Kg7 53. h4
Kh7 54. g5 fxg5 55. hxg5 hxg5 56. Kxg5 Kg7 57. Kf5 Kf7 58. Kxe5 Ke7 59. Kd5 1-0

[Event "Open Est 2015-2016"]
[Site "Aubagne"]
[Date "2015.09.26"]
[Round "1.10"]
[White "Pietrac, Christian"]
[Black "Konate, Salma"]
[Result "0-1"]
[WhiteElo "1232"]
[BlackElo "1490"]
[PlyCount "112"]
[EventDate "2015.10.10"]
[WhiteTeam "Club d'Echecs de Miramas"]
[BlackTeam "Marseille Passion Echecs"]

1. Nf3 d5 2. g3 Nc6 3. d3 Bf5 4. Bg2 Nf6 5. O-O e5 6. Re1 Bc5 7. c3 e4 8. Nh4
Bg6 9. b4 Bb6 10. Nxg6 fxg6 11. Bf4 O-O 12. a4 a6 13. a5 Ba7 14. Nd2 d4 15.
Qb3+ Kh8 16. c4 e3 17. Ne4 Nxe4 18. Bxe4 g5 19. f3 gxf4 20. b5 axb5 21. Qxb5
Rb8 22. Bxc6 bxc6 23. Qxc6 fxg3 24. hxg3 Qd6 25. Qxd6 cxd6 26. Reb1 Rxb1+ 27.
Rxb1 Rb8 28. Rb5 Kg8 29. Kg2 Kf7 30. a6 Rxb5 31. cxb5 Ke7 32. f4 Kd7 33. Kf3 d5
34. f5 Kc7 35. g4 Kb6 36. g5 Kxb5 37. f6 gxf6 38. gxf6 Kxa6 39. Kg4 Bc5 40. Kf5
Kb6 41. Ke6 Kc6 42. Kf7 Kd6 43. Kg7 Ke6 44. Kh6 Kxf6 45. Kxh7 Kf5 46. Kh6 Kg4
47. Kg6 Kg3 48. Kf5 Kf2 49. Ke5 Kxe2 50. Kxd5 Kxd3 51. Kxc5 e2 52. Kd5 e1=Q 53.
Kd6 Qa5 54. Kc6 Kc4 55. Kd6 Qd5+ 56. Ke7 Qc6 0-1

[Event "Open Est 2015-2016"]
[Site "Aubagne"]
[Date "2015.09.26"]
[Round "1.11"]
[White "Bohli, Adam"]
[Black "Denis, Karine"]
[Result "1-0"]
[WhiteElo "1460"]
[BlackElo "1220"]
[PlyCount "63"]
[EventDate "2015.10.10"]
[WhiteTeam "Marseille Echecs"]
[BlackTeam "Marseille Passion Echecs"]

1. e4 e5 2. Nf3 Nc6 3. Bc4 Nf6 4. d3 Bc5 5. O-O Na5 6. Nxe5 Nxc4 7. Nxc4 b5 8.
Be3 Bxe3 9. Nxe3 d5 10. exd5 Nxd5 11. Nxd5 Qxd5 12. Nc3 Qc6 13. Re1+ Be6 14.
Qh5 b4 15. Qd5 Qxd5 16. Nxd5 O-O 17. Nxc7 Rfe8 18. Nxe8 Rxe8 19. Re4 Rb8 20.
Rae1 Rb6 21. Rc4 h6 22. Rd4 a5 23. h3 Rb5 24. b3 Kh7 25. f4 Kg6 26. g4 Kh7 27.
Re5 Rxe5 28. fxe5 g5 29. Rd6 Bc8 30. d4 Kg7 31. d5 Kf8 32. Rd8+ 1-0

[Event "Open Est 2015-2016"]
[Site "Aubagne"]
[Date "2015.09.26"]
[Round "1.13"]
[White "Rando, Mathias"]
[Black "Gamblin, Vincent"]
[Result "0-1"]
[WhiteElo "1220"]
[BlackElo "1442"]
[PlyCount "78"]
[EventDate "2015.10.10"]
[WhiteTeam "Club Provence Echecs"]
[BlackTeam "Marseille Echecs"]

1. d4 d5 2. Nc3 e6 3. Nf3 Nf6 4. e3 Bd6 5. Bd3 O-O 6. O-O Nbd7 7. e4 dxe4 8.
Nxe4 Nxe4 9. Bxe4 Nf6 10. Qd3 Nxe4 11. Qxe4 f5 12. Qd3 b6 13. Bg5 Be7 14. h4 h6
15. Qe3 hxg5 16. hxg5 g6 17. Ne5 Kg7 18. f4 Bb7 19. Rad1 Qd5 20. Rf2 Rad8 21.
Rfd2 Qe4 22. Qg3 Bd6 23. Qh4 Rh8 24. Qg3 Bxe5 25. fxe5 Qh4 26. Kf2 f4 27. Qxh4
Rxh4 28. g3 Rh2+ 29. Kf1 Rxd2 30. Rxd2 fxg3 31. Kg1 Rh8 32. d5 Rh1+ 33. Kg2 Re1
34. Kxg3 Rxe5 35. Kg4 Bxd5 36. Rd4 Re2 37. Ra4 a5 38. Rf4 Rxc2 39. Rf6 Rxb2 0-1

[Event "Open Est 2015-2016"]
[Site "Aubagne"]
[Date "2015.09.26"]
[Round "1.14"]
[White "Ralijaona, Gabriela"]
[Black "Shah, Marmik"]
[Result "0-1"]
[WhiteElo "1421"]
[BlackElo "1218"]
[PlyCount "68"]
[EventDate "2015.10.10"]
[WhiteTeam "Marseille Passion Echecs"]
[BlackTeam "L'Echiquier du Roy René"]

1. e4 e5 2. Nf3 Nc6 3. Nc3 Nf6 4. Bc4 Nxe4 5. Bxf7+ Kxf7 6. Nxe4 Be7 7. d3 Rf8
8. Nfg5+ Bxg5 9. Qh5+ Kg8 10. Bxg5 Qe8 11. Qg4 Qg6 12. Qg3 d5 13. Nd2 h6 14.
Bh4 Qxg3 15. Bxg3 Bf5 16. O-O Rae8 17. Rae1 Rf7 18. Nf3 Rfe7 19. Re2 e4 20.
dxe4 dxe4 21. Nh4 Bh7 22. Re3 g5 23. Rd1 gxh4 24. Bxh4 Re6 25. Rg3+ Rg6 26. Re3
a6 27. f3 Rge6 28. f4 Bf5 29. Rd5 Rf8 30. g4 Bxg4 31. Rg3 Rxf4 32. h3 e3 33.
hxg4 e2 34. Rgd3 Rxg4+ 0-1

[Event "Open Est 2015-2016"]
[Site "Aubagne"]
[Date "2015.09.26"]
[Round "1.15"]
[White "Periale, Francine"]
[Black "De Albera, Pierre"]
[Result "0-1"]
[WhiteElo "1215"]
[BlackElo "1420"]
[PlyCount "68"]
[EventDate "2015.10.10"]
[WhiteTeam "Cercle d'Echecs Aubagnais"]
[BlackTeam "ASPTT Marseille"]

1. d4 c6 2. Nf3 d5 3. g3 Nf6 4. Bg2 c5 5. c3 cxd4 6. cxd4 Bf5 7. Nc3 h6 8. O-O
e6 9. Nd2 Nc6 10. e3 Bb4 11. a3 Ba5 12. b4 Bc7 13. Re1 O-O 14. f3 Bh7 15. e4
dxe4 16. fxe4 Nxd4 17. e5 Nd5 18. Bb2 Nc2 19. Re2 Bb6+ 20. Kh1 Nde3 21. Qg1
Nxg2 22. Qxg2 Nxa1 23. Bxa1 Qe7 24. Nb5 Rac8 25. Bb2 Rc2 26. Bc3 Rc8 27. h3 a6
28. Nd6 R8xc3 29. Nxb7 Rc1+ 30. Kh2 Rxa3 31. Nd6 Raa1 32. Qa8+ Qd8 33. Qf3 Rh1+
34. Kg2 Rag1# 0-1

[Event "Open Est 2015-2016"]
[Site "Aubagne"]
[Date "2015.09.26"]
[Round "1.16"]
[White "Benezra, David"]
[Black "Pentcheff, Laura"]
[Result "1-0"]
[WhiteElo "1418"]
[BlackElo "1210"]
[PlyCount "61"]
[EventDate "2015.10.10"]
[WhiteTeam "L'Echiquier du Roy René"]
[BlackTeam "Cassis Echecs"]

1. e4 b6 2. d4 Bb7 3. Nc3 e6 4. Bd3 c5 5. Nge2 cxd4 6. Nxd4 Bd6 7. Qg4 g6 8. f4
Be7 9. Be3 Nf6 10. Qe2 O-O 11. O-O-O d5 12. e5 Nfd7 13. g3 Nc6 14. h4 Bc5 15.
Qf2 Rc8 16. h5 Re8 17. hxg6 fxg6 18. g4 Rf8 19. Nxe6 Qe8 20. Nxf8 Bxf8 21. Nxd5
Nd8 22. Bb5 Qf7 23. Bxd7 Rb8 24. Nf6+ Kh8 25. Rxh7+ Qxh7 26. Nxh7 Kxh7 27. Qh2+
Kg7 28. f5 Be4 29. f6+ Kf7 30. Qh7+ Bg7 31. Qxg7# 1-0

[Event "Open Est 2015-2016"]
[Site "Aubagne"]
[Date "2015.09.26"]
[Round "1.17"]
[White "Garbe, Georges"]
[Black "Autouard, Jean-Luc"]
[Result "1-0"]
[WhiteElo "1190"]
[BlackElo "1412"]
[PlyCount "86"]
[EventDate "2015.10.10"]
[WhiteTeam "Cercle d'Echecs Aubagnais"]
[BlackTeam "Cercle d'Echecs Aubagnais"]

1. c4 d6 2. Nc3 e6 3. d3 Nf6 4. Nf3 Be7 5. g3 Bd7 6. Bg2 Nc6 7. O-O O-O 8. Be3
Ng4 9. Bd2 f5 10. Ne1 e5 11. a3 Nd4 12. b4 f4 13. h3 Nh6 14. Bxb7 Rb8 15. Bd5+
Kh8 16. g4 Bh4 17. Be4 Qg5 18. Nf3 Qf6 19. Nd5 Qd8 20. Nxd4 exd4 21. Nxf4 Qf6
22. f3 Bg5 23. Nh5 Qe7 24. Ng3 Qe5 25. Kg2 c6 26. Qc1 d5 27. f4 Qe6 28. fxg5
Nxg4 29. Bf5 Qe7 30. Bxg4 Rf7 31. Bf4 Rbf8 32. c5 g6 33. Qd2 Bf5 34. Rae1 Qd7
35. Bd6 Re8 36. Rf2 h5 37. Bxf5 gxf5 38. g6 Rh7 39. gxh7 Kxh7 40. Rxf5 Rg8 41.
Rxh5+ Kg7 42. Qh6+ Kf7 43. Rf1+ Ke8 1-0

[Event "Open Est 2015-2016"]
[Site "Aubagne"]
[Date "2015.09.26"]
[Round "1.18"]
[White "Belaid, Myriam"]
[Black "Masson, Wally"]
[Result "0-1"]
[WhiteElo "1399"]
[BlackElo "1194"]
[PlyCount "54"]
[EventDate "2015.10.10"]
[WhiteTeam "Club Provence Echecs"]
[BlackTeam "Cercle d'Echecs Aubagnais"]

1. e4 e5 2. Nf3 Nc6 3. Bc4 Nf6 4. d3 Bc5 5. Be3 Bxe3 6. Nbd2 Bd4 7. c3 Bc5 8.
Qe2 O-O 9. b4 Bb6 10. a4 a5 11. bxa5 Bxa5 12. Nb3 Bxc3+ 13. Nfd2 Bxa1 14. Nxa1
d5 15. O-O dxc4 16. dxc4 Rxa4 17. Nab3 Ra2 18. c5 Be6 19. Nc1 Rxd2 20. Qf3 Bg4
21. Qb3 Rd1 22. Rxd1 Bxd1 23. Qxb7 Ba4 24. g4 Qd1+ 25. Kg2 Qxc1 26. g5 Qxg5+
27. Kf3 Bd1# 0-1

[Event "Open Est 2015-2016"]
[Site "Aubagne"]
[Date "2015.09.26"]
[Round "1.19"]
[White "Mauger, Renaud"]
[Black "Boudet, Nicole"]
[Result "0-1"]
[WhiteElo "1399"]
[BlackElo "1170"]
[PlyCount "50"]
[EventDate "2015.10.10"]
[WhiteTeam "Cercle d'Echecs Aubagnais"]
[BlackTeam "Cercle d'Echecs Aubagnais"]

1. e4 e5 2. Bc4 Nf6 3. d3 Bc5 4. c3 d5 5. exd5 Nxd5 6. Nf3 Nc6 7. Be3 Nxe3 8.
fxe3 Bxe3 9. Qe2 Bf4 10. Nbd2 O-O 11. O-O Bg4 12. h3 Bxf3 13. Qxf3 Bxd2 14. Rf2
Bg5 15. Raf1 Bf4 16. g3 Qg5 17. Kg2 Ne7 18. g4 Nf5 19. Qxb7 Ne3+ 20. Kf3 Nxf1
21. Rxf1 Qh4 22. Qxc7 Qg3+ 23. Ke4 Qe3+ 24. Kf5 g6+ 25. Kf6 Bg5# 0-1

[Event "Open Est 2015-2016"]
[Site "Aubagne"]
[Date "2015.09.26"]
[Round "1.20"]
[White "Maumi, Helio"]
[Black "Shah, Darshan"]
[Result "0-1"]
[WhiteElo "1170"]
[BlackElo "1399"]
[PlyCount "134"]
[EventDate "2015.10.10"]
[WhiteTeam "Marseille Passion Echecs"]
[BlackTeam "L'Echiquier du Roy René"]

1. e4 c5 2. Nf3 d6 3. Nc3 Nc6 4. Bc4 Nf6 5. d3 g6 6. O-O Bg7 7. Be3 Bg4 8. h3
Bxf3 9. Qxf3 O-O 10. Bf4 Nd4 11. Qd1 e6 12. Be3 Nc6 13. Bb3 b6 14. Qd2 d5 15.
Ne2 d4 16. Bg5 e5 17. c3 Qd7 18. Ba4 a6 19. Bxc6 Qxc6 20. Rac1 Qe6 21. c4 b5
22. b3 b4 23. Rc2 a5 24. Rb1 Nd7 25. Rbb2 Nb6 26. Ng3 f6 27. Bh6 a4 28. Bxg7
Kxg7 29. Ne2 a3 30. Rb1 Rf7 31. Ng3 Raf8 32. Re1 Nc8 33. Rcc1 Nd6 34. Rf1 f5
35. exf5 Nxf5 36. Nxf5+ Rxf5 37. Rce1 Qf6 38. Re2 Re8 39. Re4 Rf4 40. Rxf4 Qxf4
41. Qxf4 exf4 42. g3 Re2 43. Ra1 fxg3 44. fxg3 Rd2 45. h4 Rxd3 46. Kf2 Rd2+ 47.
Kf3 Kf6 48. Ke4 Ke6 49. g4 h5 50. gxh5 gxh5 51. Kf4 Kf6 52. Ke4 d3 53. Ke3 Rh2
54. Kxd3 Rxh4 55. Rf1+ Ke5 56. Re1+ Kd6 57. Rd1 Rh3+ 58. Ke4+ Kc6 59. Kf4 Rh2
60. Ra1 h4 61. Kg4 Kd6 62. Kf4 h3 63. Kg3 Rc2 64. Kxh3 Ke5 65. Kg3 Kd4 66. Kf4
Kc3 67. Ke5 Kb2 0-1

[Event "Open Est 2015-2016"]
[Site "Aubagne"]
[Date "2015.09.26"]
[Round "1.21"]
[White "Gamblin, Antoine"]
[Black "Yahia Amar, Mathieu"]
[Result "1-0"]
[WhiteElo "1394"]
[BlackElo "1150"]
[PlyCount "121"]
[EventDate "2015.10.10"]
[WhiteTeam "Marseille Echecs"]
[BlackTeam "L'Echiquier du Roy René"]

1. e4 e5 2. Nf3 Nc6 3. Bb5 d6 4. d4 Bg4 5. d5 Bxf3 6. Qxf3 a6 7. Bxc6+ bxc6 8.
dxc6 Nf6 9. Nc3 Be7 10. Nd5 Nxd5 11. exd5 Rb8 12. b3 Bg5 13. Bxg5 Qxg5 14. Qg3
Qxg3 15. hxg3 O-O 16. Kd2 Rfe8 17. Rae1 Rb5 18. c4 Rb4 19. Kc3 Reb8 20. f4 f6
21. fxe5 fxe5 22. Rhf1 a5 23. Rf3 h6 24. Ref1 e4 25. Re3 a4 26. bxa4 Rxa4 27.
Rf2 Ra3+ 28. Kd4 Rxe3 29. Kxe3 Rb4 30. Rf4 Rxc4 31. Rxe4 Rc3+ 32. Kf4 Kf7 33.
a4 g5+ 34. Kg4 Rc1 35. Re6 Rc4+ 36. Kf5 Rc5 37. Rxh6 Rxd5+ 38. Ke4 Re5+ 39. Kd4
Kg7 40. Rh5 Rc5 41. g4 Kg6 42. Rh3 Rxc6 43. Rc3 Rb6 44. Rxc7 Rb1 45. Rc6 Rd1+
46. Kc4 Rc1+ 47. Kb5 Rb1+ 48. Ka6 Rd1 49. Kb7 Kf6 50. a5 Ke6 51. a6 Rb1+ 52.
Rb6 Ra1 53. a7 Rxa7+ 54. Kxa7 Ke5 55. Kb7 d5 56. Kc6 d4 57. Kc5 Ke4 58. Kc4 d3
59. Rd6 Kf4 60. Rxd3 Kxg4 61. Kd4 1-0

[Event "Open Est 2015-2016"]
[Site "Aubagne"]
[Date "2015.09.26"]
[Round "1.22"]
[White "Catanese, Sauveur"]
[Black "Besucco, Guy"]
[Result "0-1"]
[WhiteElo "1140"]
[BlackElo "1390"]
[PlyCount "42"]
[EventDate "2015.10.10"]
[WhiteTeam "Cercle d'Echecs Aubagnais"]
[BlackTeam "La Ciotat Echecs (LCE)"]

1. d4 f5 2. c4 Nf6 3. Nc3 e6 4. Bg5 d5 5. Bxf6 Qxf6 6. cxd5 exd5 7. Nxd5 Qf7 8.
Rc1 c6 9. Ne3 Qxa2 10. Rb1 Qa5+ 11. Qd2 Bb4 12. Nf3 Bxd2+ 13. Nxd2 O-O 14. f4
Be6 15. b3 Na6 16. g3 Rad8 17. Bh3 Rxd4 18. O-O Qxd2 19. Kf2 Nc5 20. Kf3 Re4
21. Ng2 Qxe2# 0-1

[Event "Open Est 2015-2016"]
[Site "Aubagne"]
[Date "2015.09.26"]
[Round "1.23"]
[White "Roche, Alain"]
[Black "Danthier, Christophe"]
[Result "1-0"]
[WhiteElo "1390"]
[BlackElo "1140"]
[PlyCount "75"]
[EventDate "2015.10.10"]
[WhiteTeam "Echiquier Marseillais 1872"]
[BlackTeam "Cercle d'Echecs Aubagnais"]

1. e4 e5 2. Nf3 d6 3. h3 Nf6 4. c3 Be6 5. Qc2 c6 6. Ng5 Qd7 7. Bd3 h6 8. Nxe6
Qxe6 9. O-O d5 10. exd5 cxd5 11. Qa4+ Nfd7 12. b4 e4 13. Be2 Bd6 14. d4 O-O 15.
Na3 Nc6 16. Nb5 a6 17. Nxd6 Qxd6 18. Qb3 b6 19. a4 a5 20. b5 Ne7 21. Ba3 Qe6
22. f3 exf3 23. Bxf3 Rfe8 24. Rae1 Qg6 25. Bxe7 Nf6 26. Bxf6 Rxe1 27. Rxe1 Qxf6
28. Rf1 Qg5 29. Bxd5 Rc8 30. Bc6 Qe3+ 31. Kh1 Rd8 32. Qxf7+ Kh8 33. Rf3 Qc1+
34. Kh2 Rg8 35. Be4 Qg5 36. d5 Qe5+ 37. Rf4 Qxc3 38. Qg6 1-0

[Event "Open Est 2015-2016"]
[Site "Aubagne"]
[Date "2015.09.26"]
[Round "1.24"]
[White "Hristov, Ina"]
[Black "Hunault, Francis"]
[Result "0-1"]
[WhiteElo "1130"]
[BlackElo "1378"]
[PlyCount "60"]
[EventDate "2015.10.10"]
[WhiteTeam "Marseille Passion Echecs"]
[BlackTeam "Cercle d'Echecs Aubagnais"]

1. e4 e5 2. Bc4 Nf6 3. Nc3 Bc5 4. Nf3 d6 5. d3 O-O 6. O-O Bg4 7. Bg5 Nbd7 8.
Nd5 c6 9. Nxf6+ Nxf6 10. c3 b5 11. Bb3 Re8 12. a3 h6 13. Bd2 d5 14. Qe2 dxe4
15. dxe4 Bxf3 16. Qxf3 Qxd2 17. Rab1 Qf4 18. Qe2 Rad8 19. Qe1 Rd6 20. g3 Qxe4
21. Ba2 Red8 22. c4 bxc4 23. Qc3 Ng4 24. Bxc4 Nxf2 25. Rxf2 Qxb1+ 26. Bf1 Bxf2+
27. Kxf2 Rd2+ 28. Be2 Qh1 29. b3 Qxh2+ 30. Kf3 Qxe2# 0-1

[Event "Open Est 2015-2016"]
[Site "Aubagne"]
[Date "2015.09.26"]
[Round "1.25"]
[White "Strate, Francois"]
[Black "Borrini, Rodrigue"]
[Result "1/2-1/2"]
[WhiteElo "1372"]
[BlackElo "1125"]
[PlyCount "100"]
[EventDate "2015.10.10"]
[WhiteTeam "Sanary Echecs"]
[BlackTeam "L'Echiquier du Roy René"]

1. d4 d5 2. c4 e6 3. Nc3 b6 4. Nf3 Bd6 5. e3 Bb7 6. Bd3 Nf6 7. O-O O-O 8. Re1
Re8 9. Nb5 Bb4 10. Rf1 a6 11. Nc3 Nbd7 12. Bd2 e5 13. dxe5 Nxe5 14. Nxe5 Rxe5
15. a3 Bf8 16. Rc1 Ne4 17. cxd5 Nxc3 18. Rxc3 Qxd5 19. f3 Rd8 20. Qc2 c5 21.
Rd1 Qd6 22. Be1 Rh5 23. Bxh7+ Rxh7 24. Rxd6 Bxd6 25. f4 Rh6 26. g4 g5 27. Bg3
Re8 28. fxg5 Rg6 29. Bxd6 Rxd6 30. h4 Rg6 31. Qf5 Bc8 32. Qf4 Rge6 33. Kf2 Re4
34. Qf6 Rxg4 35. h5 Re6 36. Qd8+ Kg7 37. Qxc8 Rxg5 38. Qxa6 Rxh5 39. Rd3 Rh2+
40. Kf3 Rxb2 41. Qb7 b5 42. Rd7 Rf6+ 43. Ke4 b4 44. axb4 Rxb4+ 45. Qxb4 cxb4
46. Rb7 Rh6 47. Kd3 Rd6+ 48. Kc4 Re6 49. Kd4 Rd6+ 50. Kc4 Re6 1/2-1/2

[Event "Open Est 2015-2016"]
[Site "Aubagne"]
[Date "2015.09.26"]
[Round "1.26"]
[White "Herbulot, Thomas"]
[Black "Aghababian, Arthur"]
[Result "1/2-1/2"]
[WhiteElo "1120"]
[BlackElo "1369"]
[PlyCount "128"]
[EventDate "2015.10.10"]
[WhiteTeam "Club Provence Echecs"]
[BlackTeam "Sanary Echecs"]

1. d4 Nf6 2. Nf3 d5 3. Bf4 Nc6 4. c3 e6 5. e3 a6 6. Nbd2 b5 7. Bd3 Bd6 8. Ne5
Bb7 9. Nxc6 Bxc6 10. Nf3 Bxf4 11. exf4 O-O 12. g3 Bb7 13. O-O Re8 14. Re1 Rc8
15. b4 c6 16. Re2 Rc7 17. Qf1 h6 18. Rae1 Rce7 19. f5 Bc8 20. Ne5 Qc7 21. fxe6
Bxe6 22. Nf3 Bg4 23. Rxe7 Rxe7 24. Rxe7 Qxe7 25. Ne5 Qe6 26. f3 Bh3 27. Qe2 Nh5
28. f4 Nf6 29. f5 Bxf5 30. Bxf5 Qxf5 31. Nxc6 Qb1+ 32. Kg2 Ne4 33. Ne7+ Kf8 34.
Nxd5 f5 35. Kf3 Qh1+ 36. Kf4 g6 37. a3 Kf7 38. Ke5 Qc1 39. Qe3 Qxe3 40. Nxe3
Nxc3 41. Nd5 Ne4 42. Nc7 Ke7 43. d5 Kd7 44. Nxa6 Nd6 45. Nc5+ Ke7 46. Ne6 Nc4+
47. Kd4 Nxa3 48. Kc5 g5 49. Kc6 g4 50. Kc7 h5 51. Ng7 f4 52. gxf4 Nc4 53. Kc6
h4 54. Nh5 Nd6 55. Kc5 Ne4+ 56. Kxb5 Kd6 57. f5 g3 58. Nxg3 hxg3 59. hxg3 Nxg3
60. f6 Nf5 61. f7 Ke7 62. Kc6 Kxf7 63. b5 Ke7 64. b6 Nd6 1/2-1/2